Castellano. tercer curso /

Guardado en:
Autor Principal: Kovacci, Ofelia
Formato: Libro
Publicado: Argentina : , 1969
Materias:
Etiquetas: Agregar Etiqueta
Sin Etiquetas, Sea el primero en etiquetar este registro!
LEADER 00499nam a22001695a 4500
001 CEM.cems003618
005 19000101000000.0
008 130507s1969##################000#0#####d
003 CEMS
082 0 4 |a 468 
100 1 |a Kovacci, Ofelia 
245 1 0 |a Castellano. tercer curso / 
260 |a Argentina :  |b ,  |c 1969 
300 |a 211 p. 
653 |a Lengua y literatura 
859 |a CEMS  |b BIB. CEMS - 11 de abril  |h 468  |i K849a4/III  |p 1010.73  |t Ej.1 
859 |a CEMS  |b BIB. CEMS - 11 de abril  |h 468  |i K849a4/III  |p 1016.73  |t Ej.2